000
003120000a22001210004500
041
0
_a
SPA
082
0
4
_a
AV 0102
245
1
0
_a
Declaración de CEDECOL (Consejo Evangelico de Colombia) a la Asamblea Permanente de la Sociedad Civil por la Paz
300
_a
3 Pag
500
_a
Folleto
001
13500
942
_c
BK
999
_c
42460
_d
42460